[Event "Ich bin süchtig nach Dir!"]
[Site "http://www.queenalice.com/game.php?id=1306464"]
[Date "2014.9.7"]
[Round "-"]
[White "carriedani"]
[Black "thw"]
[Result "0-1"]
[WhiteElo "1183"]
[BlackElo "1831"]

1. e4 c5 2. Nf3 d6 3. d3 Nf6 4. Nc3 g6 5. g3 Bg7 6. Bg2 O-O 7. O-O Nc6 8. b3 Bg4
9. h3 Bxf3 10. Bxf3 Ne5 11. a4 Nxf3+ 12. Qxf3 a6 13. g4 Qc7 14. Be3 Nxg4 15.
Qxg4 Bxc3 16. Ra2 b5 17. Ra3 b4 18. Ra2 a5 19. f4 Bd4 20. Re1 Bc3 21. Re2 Qc8
22. Kh2 h5 23. Qg5 Qd7 24. f5 Be5+ 25. Bf4 Bxf4+ 26. Qxf4 Kh7 27. Rg2 d5 28.
fxg6+ fxg6 29. Qg5 Qd6+ 30. e5 Qe6 31. Ra1 Rf5 32. Qe3 d4 33. Qe4 Raf8 34. Rag1
Rg8 35. Rg3 Qxe5 36. h4 Rf2+ 37. Rg2 Qxe4 38. dxe4 Rxg2+ 39. Rxg2 Rf8 40. Kg3 e5
41. Kh3 Rf3+ 42. Kh2 Rf4 43. Re2 Rxh4+ 44. Kg3 Rf4 45. Kh2 g5 46. Kh3 Kg6 47.
Kg3 h4+ 48. Kh3 Kh5 49. Rg2 g4+ 50. Kh2 h3 51. Kg3 hxg2 0-1

[Event "Challenge"]
[Site "http://www.queenalice.com/game.php?id=1307493"]
[Date "2014.9.11"]
[Round "-"]
[White "Enzo1945"]
[Black "carriedani"]
[Result "1/2-1/2"]
[WhiteElo "1478"]
[BlackElo "1167"]

1. d4 d5 2. Nc3 Nf6 3. Nf3 Nc6 4. Ne5 Nxe5 5. dxe5 Ng4 6. e3 Nxe5 7. Bd3 g6 8.
Bd2 Bg7 9. O-O O-O 10. e4 c6 11. exd5 cxd5 12. Be3 d4 13. Ne4 dxe3 14. fxe3 Ng4
15. g3 Nxe3 16. Qe2 Nxf1 17. Rxf1 f5 18. Ng5 Bd4+ 19. Kh1 Bxb2 20. Qg2 h6 21.
Nf3 Qd5 22. h4 Qxa2 23. Qe2 e6 24. Ne5 Qd5+ 25. Kg1 Bd4+ 26. Kh2 Bxe5 27. Bc4
Qd6 28. Rg1 a6 29. Kh3 b5 30. Bd3 Bb7 31. c4 Qc5 32. Rf1 bxc4 33. Bxc4 Qd6 34.
Rf3 g5 35. g4 fxg4+ 36. Kxg4 Bxf3+ 37. Qxf3 Rxf3 38. Kxf3 Qc6+ 39. Kg4 Qxc4+ 40.
Kh5 gxh4 41. Kxh6 Qf4+ 42. Kh5 Rf8 43. Kg6 Qf6+ 44. Kh5 h3 45. Kg4 Qf5+ 46. Kh4
Rf6 1/2-1/2

[Event "LiebeistdieKraftdesHerzens"]
[Site "http://www.queenalice.com/game.php?id=1308196"]
[Date "2014.9.14"]
[Round "-"]
[White "thw"]
[Black "carriedani"]
[Result "1-0"]
[WhiteElo "1827"]
[BlackElo "1181"]

1. e4 e5 2. Nf3 Nc6 3. Bb5 Nf6 4. Nc3 Bb4 5. O-O O-O 6. d3 d6 7. h3 h6 8. a3 a6
9. axb4 axb5 10. Rxa8 Qd7 11. Nxb5 g5 12. Be3 Nxb4 13. Nc3 c6 14. Qd2 b5 15.
Bxg5 Kh7 16. Bxf6 Qe6 17. Bh4 Qd7 18. Nxb5 Qb7 19. Ra4 Qxb5 20. Qxb4 f6 21. Ra7+
Kg8 22. Qxd6 c5 23. Qe7 Qxb2 24. Qg7# 1-0

[Event "Herzklopfen"]
[Site "http://www.queenalice.com/game.php?id=1308900"]
[Date "2014.9.18"]
[Round "-"]
[White "thw"]
[Black "carriedani"]
[Result "1-0"]
[WhiteElo "1840"]
[BlackElo "1179"]

1. e4 e5 2. Nf3 Nc6 3. Bc4 Nf6 4. Ng5 Qe7 5. Nxf7 a6 6. Nxh8 b5 7. Bd5 g6 8. Qf3
Qg7 9. Nf7 Nxd5 10. exd5 Nd4 11. Qe4 c5 12. Nd6+ Bxd6 13. O-O h5 14. c3 Nf5 15.
d3 Qf7 16. Bg5 Bb7 17. c4 bxc4 18. dxc4 Be7 19. Qxe5 d6 20. Qf4 a5 21. Re1 Ba6
22. b3 Kd7 23. Bxe7 Qg7 24. Nd2 g5 25. Qxf5+ Kc7 26. Bf6 Qd7 27. Re7 Kd8 28.
Qxd7# 1-0

[Event "Lieblingshaargummi"]
[Site "http://www.queenalice.com/game.php?id=1309924"]
[Date "2014.9.23"]
[Round "-"]
[White "carriedani"]
[Black "thw"]
[Result "0-1"]
[WhiteElo "1177"]
[BlackElo "1908"]

1. e4 e6 2. Nf3 d5 3. d3 dxe4 4. dxe4 Qxd1+ 5. Kxd1 Nc6 6. Nc3 Bd7 7. b3 O-O-O
8. Bb2 Nf6 9. Bb5 Bb4 10. Ng5 Rhf8 11. f4 h6 12. Nf3 Ng4 13. h3 Nf2+ 14. Ke1
Nxh1 15. a3 Bxc3+ 16. Bxc3 f6 17. Ke2 Ng3+ 18. Kf2 Nxe4+ 19. Ke3 Nxc3 20. Kd2
Nxb5 21. a4 Nd6 22. c4 Nf5 23. Rd1 Be8+ 24. Ke1 Rxd1+ 25. Kxd1 Ne3+ 26. Ke2 Nxg2
27. Kf2 Nxf4 0-1

[Event "Sehnsucht"]
[Site "http://www.queenalice.com/game.php?id=1310836"]
[Date "2014.9.27"]
[Round "-"]
[White "thw"]
[Black "carriedani"]
[Result "1-0"]
[WhiteElo "1890"]
[BlackElo "1175"]

1. e4 e5 2. Nf3 d6 3. Bc4 Bg4 4. h3 Bxf3 5. Qxf3 Nf6 6. Nc3 g6 7. d3 Bg7 8. Bg5
h6 9. Bxf6 Bxf6 10. O-O-O Nc6 11. Nd5 Nd4 12. Nxf6+ Ke7 13. Nd5+ Ke8 14. Qe3 Nc6
15. f4 exf4 16. Qxf4 g5 17. Qf2 a6 18. Rhf1 b5 19. Qxf7# 1-0

[Event "Erfüllte Sehnsucht"]
[Site "http://www.queenalice.com/game.php?id=1311265"]
[Date "2014.9.29"]
[Round "-"]
[White "thw"]
[Black "carriedani"]
[Result "1-0"]
[WhiteElo "1935"]
[BlackElo "1173"]

1. e4 e5 2. Nf3 Qe7 3. Bc4 Nc6 4. O-O d6 5. d4 Bg4 6. h3 Bh5 7. dxe5 dxe5 8. Be3
Bg6 9. Nc3 f5 10. exf5 Bxf5 11. Nd5 Qd6 12. Re1 O-O-O 13. Qe2 e4 14. Ng5 h6 15.
Nf7 Qd7 16. Nxh8 Ne5 17. Rad1 a6 18. Bxa6 bxa6 19. Qxa6+ Kb8 20. Qa7+ Kc8 21.
Qa8# 1-0

[Event "Der Kuss der wahren Liebe"]
[Site "http://www.queenalice.com/game.php?id=1311980"]
[Date "2014.10.2"]
[Round "-"]
[White "carriedani"]
[Black "thw"]
[Result "0-1"]
[WhiteElo "1171"]
[BlackElo "1968"]

1. e4 c5 2. Nf3 d6 3. d3 Nf6 4. Nc3 g6 5. g3 Bg7 6. Bg2 O-O 7. O-O a6 8. a3 b5
9. a4 b4 10. Nd5 Nxd5 11. exd5 Bg4 12. Qe1 Nd7 13. Qe4 Nf6 14. Qf4 Bd7 15. Ng5
Nh5 16. Qf3 h6 17. Ne4 Qc8 18. g4 Bxg4 19. Qe3 Bf5 20. h3 Qb7 21. f3 Bd4 22.
Qxd4 cxd4 23. Bxh6 Rfe8 24. c4 Bxe4 25. fxe4 e6 26. b3 exd5 27. cxd5 Rac8 28. a5
Rc3 29. Rab1 Rxd3 30. Rf2 Ng3 31. Rbb2 Nxe4 32. Rfc2 Qxd5 33. Ra2 Rd1+ 34. Kh2
Qe5+ 35. Bf4 Qxf4# 0-1

[Event "Kuschelzeit"]
[Site "http://www.queenalice.com/game.php?id=1312841"]
[Date "2014.10.6"]
[Round "-"]
[White "thw"]
[Black "carriedani"]
[Result "1-0"]
[WhiteElo "1980"]
[BlackElo "1169"]

1. e4 e5 2. Nf3 Nc6 3. Bc4 h6 4. O-O Nf6 5. d3 g5 6. Nc3 d6 7. d4 Bg4 8. dxe5
dxe5 9. h3 Bd7 10. Be3 a6 11. Qe2 b5 12. Bd5 Nxd5 13. exd5 Nb4 14. Nxe5 Bf5 15.
Rac1 Nxd5 16. Rcd1 f6 17. Qh5+ Ke7 18. Qf7+ Kd6 19. Rxd5# 1-0

[Event "Desafio"]
[Site "http://www.queenalice.com/game.php?id=1317181"]
[Date "2014.10.22"]
[Round "-"]
[White "agcarlon"]
[Black "carriedani"]
[Result "1-0"]
[WhiteElo "1437"]
[BlackElo "1215"]

1. e4 e5 2. Nf3 Nc6 3. Bc4 h6 4. d3 d6 5. Nc3 Bg4 6. O-O Nf6 7. Qe1 g5 8. Bd2 a6
9. Nd5 Nxd5 10. Bxd5 Rb8 11. Qe3 f6 12. d4 Nxd4 13. Nxd4 exd4 14. Qxd4 c5 15. f4
cxd4 16. f5 Qc8 17. c3 Qc5 18. b4 Qc7 19. cxd4 Qb6 20. Bc3 Rc8 21. Rac1 Be2 22.
Rfe1 Bc4 23. a3 Bxd5 24. exd5+ Be7 25. Re4 Qc7 26. Bd2 Qd7 27. Rce1 Rh7 28. Re6
Rc4 29. R1e4 Rc2 30. Be1 Ra2 31. Rxf6 Kd8 32. Rfe6 Qxe6 33. dxe6 Rxa3 34. h4 d5
35. Re5 Ra1 36. Rxd5+ Ke8 37. Kf2 g4 38. Rd7 b5 39. g3 Ra2+ 40. Ke3 Rh8 41. d5
Rf8 42. d6 Bf6 43. Rc7 Ra3+ 44. Ke4 Ra1 45. Bc3 Bxc3 46. Rxc3 Re1+ 47. Kf4 Rf1+
48. Kxg4 Rg8+ 49. Kh5 Rxf5+ 50. Kxh6 Rf6+ 51. Kh7 Rfg6 52. Rc8# 1-0

[Event "Challenge"]
[Site "http://www.queenalice.com/game.php?id=1333122"]
[Date "2015.1.6"]
[Round "-"]
[White "carriedani"]
[Black "gillou77"]
[Result "1-0"]
[WhiteElo "1215"]
[BlackElo "1155"]

1. e4 Nc6 2. Nf3 e5 3. Nc3 d5 4. Nxd5 Nd4 5. c3 Ne6 6. Nxe5 Bc5 7. d4 Bxd4 8.
cxd4 c6 9. Nc3 b6 10. Nxc6 Qd7 11. Ne5 Nxd4 12. Nxd7 Bxd7 13. Qxd4 Nf6 14. e5
Nh5 15. Qd5 Nf4 16. Qxa8+ 1-0

[Event "Challenge"]
[Site "http://www.queenalice.com/game.php?id=1334596"]
[Date "2015.1.13"]
[Round "-"]
[White "magalhaes_br"]
[Black "carriedani"]
[Result "1-0"]
[WhiteElo "1452"]
[BlackElo "1229"]

1. e4 e5 2. Nf3 d6 3. Bc4 Bg4 4. h3 Bxf3 5. Qxf3 Nf6 6. Nc3 g6 7. d3 Bg7 8. Nd5
c6 9. Nb4 a5 10. Nd5 cxd5 11. exd5 O-O 12. a4 h5 13. g4 hxg4 14. hxg4 g5 15. c3
Qb6 16. O-O Nbd7 17. b3 Nc5 18. Ra3 Bh6 19. Be3 e4 20. Qd1 exd3 21. Qb1 Nxg4 22.
Bd2 Ne4 23. Qe1 Ngxf2 24. Be3 Qd8 25. Rxf2 Nxf2 26. Qxf2 f5 27. Bxd3 f4 28. Bd2
g4 29. b4 g3 30. Qf3 Qe8 31. Qg4+ Kf7 32. Bg6+ Ke7 33. Bxe8 1-0

[Event "Challenge"]
[Site "http://www.queenalice.com/game.php?id=1339976"]
[Date "2015.2.7"]
[Round "-"]
[White "carriedani"]
[Black "magalhaes_br"]
[Result "1-0"]
[WhiteElo "1222"]
[BlackElo "1424"]

1. e4 e5 2. Nf3 Nc6 3. g3 h6 4. Bg2 Nf6 5. Nc3 a6 6. O-O Na5 7. b4 Nc6 8. d3 b5
9. a3 Bb7 10. Bb2 d6 11. g4 g5 12. h3 Nh7 13. Qe2 Qd7 14. Qe3 f6 15. h4 Qxg4 16.
Nd5 Rc8 17. c4 a5 18. cxb5 Nb8 19. bxa5 c6 20. bxc6 Rxc6 21. Qa7 Qd7 22. Qxb8+
Rc8 23. Qa7 Ra8 24. Qb6 Rb8 25. a6 Bc6 26. Nc7+ Kf7 27. Qxb8 Ba4 28. Qb4 Be7 29.
Qc4+ Kg6 30. h5+ Kxh5 31. d4 g4 32. Nd2 Ng5 33. f4 Rc8 34. Qe2 Rxc7 35. fxg5
hxg5 36. Bh3 Kg6 37. Bxg4 Qb5 38. Qh2 Bf8 39. Qh8 Bg7 40. Qh5# 1-0

[Event "Challenge"]
[Site "http://www.queenalice.com/game.php?id=1345951"]
[Date "2015.3.6"]
[Round "-"]
[White "magalhaes_br"]
[Black "carriedani"]
[Result "1-0"]
[WhiteElo "1371"]
[BlackElo "1246"]

1. c4 e5 2. Nc3 Nf6 3. Nf3 g6 4. Nxe5 Qe7 5. Nf3 Bg7 6. g3 O-O 7. Bg2 Nc6 8. a3
a5 9. d3 d6 10. Be3 b6 11. Na4 Ba6 12. O-O h5 13. h4 Qe6 14. Kh1 Ng4 15. Bg5 f6
16. Bd2 f5 17. Ng5 Qf6 18. f3 Nge5 19. f4 Ng4 20. Rb1 Rab8 21. Bxc6 Bb7 22. Bg2
c6 23. Nxb6 c5 24. Nd7 Qe7 25. Nxb8 Rxb8 26. a4 Ba6 27. b3 Bf6 28. Bd5+ Kf8 29.
Kg2 Bxg5 30. hxg5 Bb7 31. Bxb7 Qxb7+ 32. Kg1 Re8 33. Rf3 Qc6 34. Qf1 Re6 35.
Bxa5 Qa6 36. Bc3 Kf7 37. Kg2 Re7 38. Kh3 Ne3 39. Qf2 Re6 40. Rxe3 Rxe3 41. Qxe3
Qc6 42. d4 cxd4 43. Bxd4 Qa6 44. Bc3 Qb6 45. Qxb6 1-0

[Event "Challenge"]
[Site "http://www.queenalice.com/game.php?id=1355093"]
[Date "2015.4.23"]
[Round "-"]
[White "carriedani"]
[Black "magalhaes_br"]
[Result "0-1"]
[WhiteElo "1224"]
[BlackElo "1401"]

1. e4 Nc6 2. c3 e5 3. Nf3 d6 4. g3 Nf6 5. Bg2 h6 6. a3 Nxe4 7. d3 Nf6 8. O-O Ng4
9. h3 Nf6 10. b4 b5 11. a4 Bd7 12. a5 a6 13. c4 bxc4 14. dxc4 Nxb4 15. Bd2 Nc6
16. Nc3 Be6 17. Ra4 Be7 18. h4 Nh5 19. g4 Nf4 20. Bxf4 exf4 21. c5 dxc5 22. Qe2
Bxg4 23. Rxf4 Be6 24. Qe4 Qd7 25. Rd1 Bd6 26. h5 Bxf4 27. Qxf4 Qc8 28. Ne5 Nxe5
29. Qxe5 Rg8 30. Qxc5 g5 31. Bxa8 Qxa8 32. Qxc7 Kf8 33. Rd6 Qe8 34. Rxa6 Qc8 35.
Qe5 Qxa6 36. Ne4 Qc8 37. Nd6 Qc1+ 38. Kg2 Qc7 39. Qd4 Qxa5 40. f3 Qa2+ 41. Kg3
Qd5 0-1

[Event "Challenge"]
[Site "http://www.queenalice.com/game.php?id=1359088"]
[Date "2015.5.12"]
[Round "-"]
[White "fenix40rj"]
[Black "carriedani"]
[Result "1-0"]
[WhiteElo "1492"]
[BlackElo "1229"]

1. d4 Nc6 2. e4 Nf6 3. Nc3 b6 4. Nf3 Bb7 5. Bf4 g6 6. Bc4 a6 7. d5 Nb8 8. d6
cxd6 9. e5 Rg8 10. Ng5 Nh5 11. Bxf7# 1-0

[Event "Challenge"]
[Site "http://www.queenalice.com/game.php?id=1364575"]
[Date "2015.6.10"]
[Round "-"]
[White "carriedani"]
[Black "Nimzou"]
[Result "1-0"]
[WhiteElo "1211"]
[BlackElo "1269"]

1. e4 d6 2. Nf3 Nd7 3. g3 Ngf6 4. Nc3 a6 5. Bg2 h6 6. O-O g6 7. a3 Bg7 8. d3 c6
9. b4 Qc7 10. a4 O-O 11. a5 b6 12. d4 e6 13. h4 Bb7 14. Bh3 b5 15. g4 e5 16. g5
hxg5 17. hxg5 Nb8 18. dxe5 dxe5 19. Bb2 Rd8 20. Qe2 Nh7 21. Qe3 Qe7 22. Ne2 f5
23. exf5 Qe8 24. f6 Nxf6 25. gxf6 Bxf6 26. Qh6 Qf7 27. Bxe5 Qh7 28. Qf4 Rf8 29.
Bxf6 Qxh3 30. Ng5 Qf5 31. Be5 Qxf4 32. Nxf4 Nd7 33. Bd6 Rf5 34. Nge6 Rf6 35.
Rad1 Kf7 36. Rfe1 Rxf4 37. Nxf4 Re8 38. Rf1 g5 39. Nd3 Kg6 40. f4 Rh8 41. fxg5
c5 42. Nf4+ Kxg5 43. Be7+ 1-0

[Event "Challenge"]
[Site "http://www.queenalice.com/game.php?id=1366160"]
[Date "2015.6.18"]
[Round "-"]
[White "magalhaes_br"]
[Black "carriedani"]
[Result "1-0"]
[WhiteElo "1422"]
[BlackElo "1219"]

1. c4 e5 2. Nc3 Nf6 3. g3 g6 4. Nf3 Nc6 5. Bg2 Bg7 6. a3 O-O 7. d3 h6 8. h3 a5
9. Qa4 h5 10. h4 d6 11. Nd5 Nxd5 12. cxd5 Ne7 13. Bh3 Rb8 14. Qxa5 b6 15. Qd2
Nxd5 16. Ng5 f6 17. Nf3 c5 18. e4 Nc7 19. b4 g5 20. hxg5 fxg5 21. Nxg5 cxb4 22.
Qxb4 d5 23. Rf1 Bf6 24. Bxc8 Rxc8 25. Qxb6 Bxg5 26. Qg6+ Kh8 27. Bxg5 Rg8 28.
Qh6# 1-0

[Event "Challenge"]
[Site "http://www.queenalice.com/game.php?id=1374772"]
[Date "2015.8.1"]
[Round "-"]
[White "carriedani"]
[Black "magalhaes_br"]
[Result "1-0"]
[WhiteElo "1229"]
[BlackElo "1442"]

1. e4 e5 2. Nf3 Nc6 3. Nc3 Nf6 4. g3 h6 5. Bg2 d6 6. d3 Be6 7. O-O d5 8. exd5
Nxd5 9. Nxd5 Bxd5 10. c4 Be6 11. a3 a5 12. a4 Bc5 13. b3 Nb4 14. Bd2 Nxd3 15.
Qe2 e4 16. Qxe4 Nb4 17. Qxb7 Rb8 18. Qe4 f5 19. Qxe6+ Qe7 20. Qxf5 Qf7 21. Qxc5
Nc2 22. Rac1 Qf5 23. Qxf5 Rf8 24. Qxc2 g5 25. Bxa5 c6 26. Qg6+ Rf7 27. Ne5 Rb7
28. Bxc6+ Kf8 29. Qxh6+ Rg7 30. Qh8+ Rg8 31. Qf6+ Rf7 32. Qxf7# 1-0